| 000 | 00674nam a22001937a 4500 | ||
|---|---|---|---|
| 999 |
_c17903 _d17903 |
||
| 003 | AR-CdUCM | ||
| 008 | 190510b ||||| |||| 00| 0 spa d | ||
| 040 |
_aMUNICIPALIDAD PROVINCIAL DEL CUSCO _cBIBLIOTECA MUNICIPAL DEL CUSCO |
||
| 082 |
_a9701 / _bP45 |
||
| 100 |
_aPereyra, Carlos _918565 |
||
| 245 | _aBreve historia de America / | ||
| 260 |
_aMexico : _bNacional, _c1973. |
||
| 300 |
_a748 páginas ; _c18 cm. |
||
| 505 | _aLa revolución de un mundo breve -- Los pueblos aborigenes -- Descubrimientos, conquistas y fundaciones -- Difusión cultural... | ||
| 650 |
_aHistoria. _9136 |
||
| 650 |
_aAmerica. _91348 |
||
| 650 |
_aIndígenas. _93232 |
||
| 942 |
_2ddc _cLIBROS |
||